| 000 | 00546nam a22001937a 4500 | ||
|---|---|---|---|
| 003 | KOHA_MİRAKIL | ||
| 005 | 20260325105822.0 | ||
| 008 | 260325b tu ||||| |||| 00| 0 tur d | ||
| 020 | _a9786050979213 | ||
| 040 |
_aTR-AnABB _btur _cTR-AnABB |
||
| 041 | _atur | ||
| 082 |
_a321.09 _bYET 2021 |
||
| 100 | 1 | _aYetkin, Murat | |
| 245 | 1 | 0 |
_aMeraklısı için darbeler kitabı / _cMurat Yetkin |
| 260 |
_aİstanbul : _bDoğan Egmont Yayıncılık, _c2020 |
||
| 300 |
_a347 sayfa : _c20 cm |
||
| 650 | 0 | 4 | _aDarbeler |
| 942 |
_2ddc _cBK |
||
| 999 |
_c10027 _d10027 |
||
| 900 | _bCem ÖZOGLU | ||